Catálogo

La morenita : (Registro nro. 41991)

Detalles MARC
000 -LEADER
fixed length control field 01090cam a2200301 i 4500
001 - CONTROL NUMBER
control field 41991
003 - CONTROL NUMBER IDENTIFIER
control field Mx-PuUPA
005 - DATE AND TIME OF LATEST TRANSACTION
control field 20240213124604.0
008 - FIXED-LENGTH DATA ELEMENTS--GENERAL INFORMATION
fixed length control field 140415s1980 txu gr 000 0 eng d
040 ## - CATALOGING SOURCE
Transcribing agency Mx-PuUPA
Original cataloging agency Mx-PuUPA
Language of cataloging spa
Modifying agency Mx-PuUPA
Description conventions rda
041 0# - LANGUAGE CODE
Language code of text/sound track or separate title eng
100 1# - MAIN ENTRY--PERSONAL NAME
Personal name Elizondo, Virgilio P.,
Dates associated with a name 1935-2016
9 (RLIN) 15102
Relator term autor
245 13 - TITLE STATEMENT
Title La morenita :
Remainder of title evangelizer of the Americas /
Statement of responsibility, etc. Virgil Elizondo ; foreword, Most Rev. Patrick F. Flores
250 ## - EDITION STATEMENT
Edition statement First editon /
Remainder of edition statement may
264 #2 - PRODUCTION, PUBLICATION, DISTRIBUTION, MANUFACTURE, AND COPYRIGHT NOTICE
Place of production, publication, distribution, manufacture San Antonio, Texas :
Name of producer, publisher, distributor, manufacturer MACC Distribution Center,
Date of production, publication, distribution, manufacture, or copyright notice 1980
300 ## - PHYSICAL DESCRIPTION
Extent 150 páginas :
Other physical details ilustraciones ;
Dimensions 21 cm
336 ## - CONTENT TYPE
Fuente rdacontent
Content type term texto
Content type code txt
337 ## - MEDIA TYPE
Source rdamedia
Media type term sin medio
Media type code n
338 ## - CARRIER TYPE
Source rdacarrier
Carrier type term volumen
Carrier type code nc
600 04 - SUBJECT ADDED ENTRY--PERSONAL NAME
Personal name Virgen María
General subdivision Apariciones y milagros
600 04 - SUBJECT ADDED ENTRY--PERSONAL NAME
Personal name Nuestra Señora de Guadalupe
General subdivision Apariciones y milagros
650 #7 - SUBJECT ADDED ENTRY--TOPICAL TERM
Source of heading or term armarc
Topical term or geographic name entry element Indígenas de México
General subdivision Misiones
-- Historia
700 1# - ADDED ENTRY--PERSONAL NAME
Personal name Flores, Patrick F.,
Relator term prologuista
942 ## - ADDED ENTRY ELEMENTS (KOHA)
Source of classification or shelving scheme Dewey Decimal Classification
Koha item type Libro
Classification part 232.917
Item part E42
Existencias
Withdrawn status Lost status Source of classification or shelving scheme Damaged status Not for loan Collection code Home library Current library Shelving location Date acquired Source of acquisition Total Checkouts Full call number Barcode Date last seen Price effective from Koha item type
    Dewey Decimal Classification     General Centro de Estudios Guadalupanos Centro de Estudios Guadalupanos Sala general 03/12/2013 Donación   232.917 E42 1980 63300 05/01/2026 03/12/2013 Libro